| 000 | 00681nam a2200145 a 4500 | ||
|---|---|---|---|
| 001 | 000037174 | ||
| 005 | 20200930080204.0 | ||
| 008 | 120222s1967 pr 000 0 spa d | ||
| 040 |
_aDO-SdBNP _bspa _cBNPHU |
||
| 082 | _axxxx | ||
| 245 | 0 |
_aElegía de varones ilustres de Indias : _beligía Vl / _cJuan de Castellanos ; estudio preliminar por María Teresa Babín ; selección traducida al inglés por Muna Lee. |
|
| 260 |
_aPuerto Rico : _bDepartamento de Instrucción Pública, Estado Libre Asociado de Puerto Rico, _c1967. |
||
| 300 |
_a135 p. ; _c24 cm. |
||
| 500 | _a(A la muerte de Joan Ponce de León, donde se cuenta la conquista la Boriquén, con otras muchas particularidades) | ||
| 999 |
_c36664 _d36664 |
||